00792nam a2200205 a 450000100100000000500170001000800410002704000250006808200140009324500730010726000330018030000210021349000370023450400730027170000550034483000430039904900090044295201180045199900170056900001896320200929165905.0100521s1963 sp r 000 0 spa d aDO-SdBNPbspacBNPHU axxxbC73200aComentarios a la mater et magistra /cM. Brugarola S. I... [et al.]. aMadrid :bCatólica,c1963. a769 p. ;c20 cm.1 aBiblioteca de Autores Cristianos aIncluye referencias bibliográficas y notas al pie de las páginas1 aGarcía y García de Castro, Rafael,etr.940800 0aBiblioteca de Autores Cristianos94245 aBNGR 001054708MOaGRbGRcCTd2010-05-21iLF1l0oxxx C732p18963-10r2020-06-25w2020-06-25y4ZPréstamo en sala c18481d18481